| 000 | 00708nam a22001937a 4500 | ||
|---|---|---|---|
| 999 |
_c57114 _d57114 |
||
| 005 | 20191120123049.0 | ||
| 008 | 191120s2018 fr ||||| |||| 00| 0 fre d | ||
| 020 | _a9789941462702 | ||
| 041 | _afre | ||
| 080 | _a811.133.1'373 D-53 | ||
| 100 |
_aDiasamidze, Victoria. _95476 |
||
| 245 |
_aPrecis de Lexicologie du Francais Moderne : _bCours theorique et pratique de lexicologie / _cVictoria Diasamidze ; red. D. Gotsiridze. |
||
| 264 |
_aBatumi : _bShota Rustaveli University, _c2018. |
||
| 300 |
_a354 p.: _c21 cm. |
||
| 653 | _aლექსიკოლოგია | ||
| 653 | _aფრანგული ენა | ||
| 700 |
_aGotsiridze, D. _eრედაქტორი _95477 |
||
| 942 |
_2udc _cBK |
||